[Event "Greifswald Springer op"]
[Site "Greifswald"]
[Date "2023.10.14"]
[Round "6"]
[White "Brandt, Mattis"]
[Black "Gerlieb, Peter"]
[Result "0-1"]
[WhiteElo "1323"]
[BlackElo "1410"]
[PlyCount "58"]
[EventDate "2023.10.12"]
[EventType "swiss"]
[EventRounds "7"]
[EventCountry "GER"]
[SourceTitle "CBM 216 Extra"]
[Source "ChessBase"]
[SourceDate "2023.11.30"]
[SourceVersion "1"]
[SourceVersionDate "2023.11.30"]
[SourceQuality "1"]

1. d4 d5 2. Nf3 e6 3. Nbd2 Nf6 4. e3 c5 5. c3 a6 6. Bd3 h6 7. e4 cxd4 8. cxd4 dxe4 9. Nxe4 Nd5 10. 0-0 Nd7 11. Re1 Be7 12. Ng3 N7f6 13. Ne5 0-0 14. Nh5 Nxh5 15. Qxh5 Bg5 16. Qf3 Bxc1 17. Raxc1 Nf6 18. Rc4 Bd7 19. Rb4 b5 20. Be4 Nxe4 21. Rxe4 f5 22. Re3 Rc8 23. h3 Rf6 24. Qb7 Rc7 25. Qxa6 Qe7 26. Nxd7 Qxd7 27. Qxb5 Qd6 28. Qe8+ Kh7 29. Rg3 Qxb4 0-1

[Event "Mecklenburg VP-ch U10"]
[Site "Malchow"]
[Date "2018.02.07"]
[Round "2.1"]
[White "Asmussen, Johann"]
[Black "Brandt, Mattis"]
[Result "0-1"]
[WhiteElo "920"]
[BlackElo "1104"]
[PlyCount "78"]
[EventDate "2018.02.07"]
[EventType "swiss"]
[EventRounds "7"]
[EventCountry "GER"]
[SourceTitle "EXT 2022"]
[Source "ChessBase"]
[SourceDate "2021.10.06"]
[SourceVersion "1"]
[SourceVersionDate "2021.10.06"]
[SourceQuality "1"]

1. d4 d5 2. Nf3 Bf5 3. Bf4 e6 4. e3 Nf6 5. Bd3 Bxd3 6. Qxd3 c5 7. dxc5 Bxc5 8. Qb5+ Nbd7 9. Ne5 a6 10. Qd3 0-0 11. 0-0 Bd6 12. Nxd7 Qxd7 13. Bxd6 Qxd6 14. Nd2 Ng4 15. g3 Rac8 16. Nf3 e5 17. Qf5 Nf6 18. Nxe5 Rfe8 19. Rad1 Rxe5 20. Qxc8+ Re8 21. Qxb7 Re7 22. Qc8+ Re8 23. Qb7 Re7 24. Qa8+ Re8 25. Qb7 Re7 26. Qb3 Re5 27. f4 Re4 28. Rd3 Nd7 29. Rxd5 Qe6 30. Qb7 Qe8 31. Rxd7 Rxe3 32. Rfd1 Re1+ 33. Rxe1 Qxe1+ 34. Kg2 Qe2+ 35. Kh3 Qe6+ 36. g4 Qe3+ 37. Kh4 Qe1+ 38. Kg5 h6+ 39. Kf5 Qe6# 0-1

[Event "Mecklenburg VP-ch Youth"]
[Site "Malchow"]
[Date "2017.02.08"]
[Round "5.8"]
[White "Brandt, Mattis"]
[Black "Kuniss, Crispin"]
[Result "1-0"]
[WhiteElo "1131"]
[BlackElo "917"]
[PlyCount "69"]
[EventDate "2017.02.08"]
[EventType "swiss"]
[EventRounds "7"]
[EventCountry "GER"]
[SourceTitle "EXT 2022"]
[Source "ChessBase"]
[SourceDate "2021.10.06"]
[SourceVersion "1"]
[SourceVersionDate "2021.10.06"]
[SourceQuality "1"]

1. e4 e5 2. Nf3 Nc6 3. Bc4 Bc5 4. Nc3 Nf6 5. d3 d6 6. Bg5 0-0 7. Nd5 Nb4 8. 0-0 c6 9. Nxf6+ gxf6 10. Bh6 Re8 11. c3 d5 12. cxb4 Bxb4 13. exd5 cxd5 14. Bb5 Re7 15. a3 a6 16. axb4 Be6 17. Ba4 b5 18. Bb3 a5 19. bxa5 Rxa5 20. Rxa5 Qxa5 21. Qd2 Qxd2 22. Bxd2 Bc8 23. Bxd5 Ba6 24. Rc1 Rd7 25. Be4 Kf8 26. Bb4+ Ke8 27. Bc6 Kd8 28. Ba5+ Ke8 29. Bxd7+ Kxd7 30. Rc7+ Kd6 31. Rxf7 Bc8 32. Rxf6+ Kc5 33. b4+ Kd5 34. Bc7 e4 35. Rd6# 1-0